000 01018nam a22002297a 4500
005 20240305165348.0
008 111003s2010 cl |||||s|||| 00||0 spa d
020 _a978-956-10-1828-0
035 _a5816
040 _avLex
090 _c2581
_d2581
100 1 _aBarcia Lehmann, Rodrigo
245 1 0 _aLecciones de Derecho Civil Chileno
_h[Recurso electrónico] /
_cRodrigo Barcia Lehmann
_nTomo II
_pDe las fuentes de las obligaciones
256 _aServicio en línea.
260 _a[Chile] :
_bEditorial jurídica de Chile,
_c2010.
300 _a1 recurso electrónico
506 1 _aContenido solo disponible en los productos indicados
_dvLex Global
_dvLex Global (Academic Edition, excluding Law Schools)
_dvLex Global (U.S. Academic Edition, Law Schools)
_dvLex Global (U.S. Academic Edition, excluding Law Schools)
_dvLex Global (Academic Edition, Law Schools)
650 0 4 _aDerecho civil
_zChile
740 0 _avLex Libros (Servicio en línea)
856 4 0 _uhttps://app.vlex.com/#/sources/5816
942 _cRAA
999 _c161002
_d161002